000 00736nam a2200169 a 4500
008 140917s1991 ||||||||||||||||| || u
020 _a9251031169
050 _aFAO(08)FTP/321
100 _aCoackley, Ned
245 1 0 _aFishing boat construction: 2 Building a fibreglass fishing boat
_cBy Ned Coackley
260 _aRome
_bFAO
_c1991
300 _avii, 84p.: ill
490 _aFAO fisheries technical papers
650 _aFISHING BOAT DESIGNS
995 _aSPECIAL COLLECTIONS
_e023930
_FCBU-MAIN LIBRARY (Kitwe)
_jFAO(08)FTP/321A
_UAVAILABLE
_WSep 17, 2014
_y023930
_ZInternational Publications
995 _aSPECIAL COLLECTIONS
_e023942
_FCBU-MAIN LIBRARY (Kitwe)
_jFAO(08)FTP/321B
_UAVAILABLE
_WSep 17, 2014
_y023942
_ZInternational Publications
999 _c63169
_d63169